截止2024年被TGA提名的中国大陆游戏公司发行的游戏 - Statistics

General Stats
  • This quiz has been taken 61 times
    24 since last reset
  • The average score is 15 of 33
Answer Stats
年份 奖项 游戏名称 该游戏开发工作室 该奖项获奖游戏 % Correct
2024 年度游戏 黑神话:悟空 游戏科学 宇宙机器人
100%
2024 最佳游戏指导 黑神话:悟空 游戏科学 宇宙机器人
90%
2024 最佳美术设计 黑神话:悟空 游戏科学 暗喻幻想:ReFantazio
90%
2024 最佳动作游戏(获奖) 黑神话:悟空 游戏科学 -
90%
2024 玩家之声(获奖) 黑神话:悟空 游戏科学 -
90%
2024 玩家之声 原神 米哈游 -
75%
2024 玩家之声 绝区零 米哈游 -
70%
2024 最佳手机游戏 绝区零 米哈游 小丑牌
65%
2022 最佳手机游戏 原神 米哈游 漫威:瞬战超能
60%
2024 玩家之声 鸣潮 库洛游戏 -
55%
2023 最佳持续经营游戏 原神 米哈游 赛博朋克2077
55%
2023 最佳手机游戏(获奖) 崩坏:星穹铁道 米哈游 -
55%
2023 玩家之声 原神 米哈游 博德之门3
55%
2024 最佳手机游戏 鸣潮 库洛游戏 小丑牌
50%
2022 最佳持续经营游戏 原神 米哈游 最终幻想XIV:重生之境
50%
2022 玩家之声(获奖) 原神 米哈游 -
50%
2021 最佳手机游戏(获奖) 原神 米哈游 -
50%
2021 最佳持续经营游戏 原神 米哈游 最终幻想XIV
50%
2020 最佳手机游戏 原神 米哈游 我们之中 Among Us
50%
2020 最佳角色扮演游戏 原神 米哈游 最终幻想 VII 重制版
45%
2016 中国大陆粉丝选择奖 王者荣耀 天美工作室群 英雄联盟
30%
2023 最佳电子竞技游戏 PUBG Mobile 光子工作室群/크래프톤 -
25%
2018 最佳掌上/手机游戏 绝地求生:刺激战场 光子工作室群 佛罗伦萨 Florence
20%
2023 最佳家庭游戏 猛兽派对 Recreate Games 超级马力欧兄弟 惊奇
15%
2022 最佳手机游戏 幻塔 完美世界 漫威:瞬战超能
15%
2023 最佳多人游戏 猛兽派对 Recreate Games 博德之门3
10%
2022 最佳手机游戏 暗黑破坏神 永生不朽 暴雪娱乐/网易 漫威:瞬战超能
10%
2016 中国大陆粉丝选择奖 梦幻西游 网易 英雄联盟
10%
2021 最佳手机游戏 宝可梦大集结 天美工作室群 -
5%
2016 中国大陆粉丝选择奖 阴阳师 网易 英雄联盟
5%
2016 中国大陆粉丝选择奖 球球大作战 巨人网络/Superpop&Lollipop 英雄联盟
5%
2022 最佳手机游戏 Apex 英雄 M Respawn Entertainment/光子工作室群 漫威:瞬战超能
5%
2020 最佳手机游戏 使命召唤:Mobile 天美工作室群 我们之中 Among Us
5%
No matching quizzes found
Score Distribution
Percent of People with Each Score
Percentile by Number Answered
Your Score History
You have not taken this quiz since the last reset